[Event "GER-chT U20 Girls"]
[Site "Magdeburg"]
[Date "2023.12.30"]
[Round "7.7"]
[White "Golden, Roshaniya"]
[Black "Margaryan, Mane"]
[Result "0-1"]
[WhiteElo "968"]
[BlackElo "1217"]
[PlyCount "86"]
[EventDate "2023.12.26"]
[EventType "team-swiss"]
[EventRounds "7"]
[EventCountry "GER"]
[SourceTitle "CB03_2024"]
[SourceDate "2024.01.17"]
[SourceVersion "1"]
[SourceVersionDate "2024.01.17"]
[SourceQuality "1"]
[WhiteTeam "Muenster 32"]
[BlackTeam "Elmshorn"]
[WhiteTeamCountry "GER"]
[BlackTeamCountry "GER"]

1. e4 c5 2. Nc3 e6 3. g3 d5 4. exd5 exd5 5. Bg2 Nf6 6. Nge2 Be6 7. d3 h6 8. Nf4 Be7 9. Nxe6 fxe6 10. Bf4 Nc6 11. Qe2 Nd4 12. Qd2 0-0 13. 0-0 a6 14. Nd1 Bd6 15. Bxd6 Qxd6 16. c3 Nc6 17. Bh3 b5 18. Qe2 Rfe8 19. Re1 e5 20. Ne3 Rad8 21. Nf5 Qc7 22. Qf3 Qf7 23. c4 Nd4 24. Nxd4 exd4 25. cxd5 Nxd5 26. Rxe8+ Rxe8 27. Qxf7+ Kxf7 28. Rc1 Nb4 29. Rxc5 Nxd3 30. Rc7+ Re7 31. Rxe7+ Kxe7 32. b3 Kd6 33. Kf1 Kc5 34. a3 a5 35. Ke2 Nc1+ 36. Kd2 Nxb3+ 37. Kc2 a4 38. Be6 b4 39. Bxb3 axb3+ 40. Kxb3 bxa3 41. Kxa3 Kc4 42. Kb2 Kd3 43. Kc1 Ke2 0-1

[Event "GER-chT U20 Girls"]
[Site "Magdeburg"]
[Date "2023.12.29"]
[Round "5.3"]
[White "Margaryan, Mane"]
[Black "Bangsa Giesen, Citra"]
[Result "0-1"]
[WhiteElo "1217"]
[BlackElo "1469"]
[PlyCount "42"]
[EventDate "2023.12.26"]
[EventType "team-swiss"]
[EventRounds "7"]
[EventCountry "GER"]
[SourceTitle "CB03_2024"]
[SourceDate "2024.01.17"]
[SourceVersion "1"]
[SourceVersionDate "2024.01.17"]
[SourceQuality "1"]
[WhiteTeam "Elmshorn"]
[BlackTeam "Kelheim"]
[WhiteTeamCountry "GER"]
[BlackTeamCountry "GER"]

1. d4 Nf6 2. c4 e6 3. Nc3 b6 4. Nf3 Bb7 5. Bg5 Be7 6. e3 0-0 7. Bd3 d5 8. 0-0 Nbd7 9. a3 Ne4 10. Bxe7 Qxe7 11. cxd5 exd5 12. Qc2 Rad8 13. Rfd1 c5 14. Nd2 f5 15. Ndxe4 fxe4 16. Be2 Qh4 17. Bf1 Nf6 18. h3 Bc8 19. Be2 g5 20. Kf1 g4 21. hxg4 Qh1# 0-1

[Event "GER-chT Lands U20"]
[Site "Hannover"]
[Date "2023.10.04"]
[Round "6"]
[White "Mehner, Clara"]
[Black "Margaryan, Mane"]
[Result "1-0"]
[WhiteElo "1290"]
[BlackElo "1382"]
[PlyCount "57"]
[EventDate "2023.10.01"]
[EventType "team-swiss"]
[EventRounds "7"]
[EventCountry "GER"]
[SourceTitle "EXT 2024"]
[Source "ChessBase"]
[SourceDate "2023.10.10"]
[SourceVersion "1"]
[SourceVersionDate "2023.10.10"]
[SourceQuality "1"]

1. e4 c5 2. Nf3 e6 3. d4 cxd4 4. Nxd4 a6 5. c4 Qc7 6. Be3 Nf6 7. f3 Bc5 8. Be2 0-0 9. 0-0 Qb6 10. Qd2 e5 11. Nc2 Bxe3+ 12. Nxe3 Nc6 13. Kh1 Re8 14. Nc3 Nd4 15. Ncd5 Qd8 16. Rac1 Re6 17. c5 Nh5 18. Ng4 Qh4 19. Kg1 Nf4 20. Nxf4 exf4 21. Qxd4 f5 22. exf5 Rxe2 23. Qc4+ Kh8 24. Qxe2 Qd8 25. Rfe1 h6 26. Qe8+ Qxe8 27. Rxe8+ Kh7 28. Ne5 a5 29. Ng6 1-0

[Event "GER-ch U12 Girls"]
[Site "Willingen"]
[Date "2023.05.29"]
[Round "3"]
[White "Roessling, Laura Marie"]
[Black "Margaryan, Mane"]
[Result "1-0"]
[WhiteElo "1312"]
[BlackElo "1403"]
[PlyCount "49"]
[EventDate "2023.05.27"]
[EventType "swiss"]
[EventRounds "9"]
[EventCountry "GER"]
[SourceTitle "CBM 214 Extra"]
[Source "ChessBase"]
[SourceDate "2023.07.31"]
[SourceVersion "1"]
[SourceVersionDate "2023.07.31"]
[SourceQuality "1"]

1. e4 c5 2. Nf3 e6 3. d4 cxd4 4. Nxd4 a6 5. Nc3 Qc7 6. Be3 Nf6 7. Bd3 Bb4 8. Bd2 0-0 9. 0-0 b5 10. Ncxb5 axb5 11. Bxb4 Re8 12. Nxb5 Qc6 13. Qd2 Bb7 14. Nd6 Rd8 15. Nxb7 Qxb7 16. Bc3 Nxe4 17. Bxe4 Qxe4 18. Qg5 f6 19. Bxf6 Qg6 20. Qxg6 hxg6 21. Bxd8 Nc6 22. Bh4 Nd4 23. c3 Nf5 24. Bg3 Rb8 25. Bxb8 1-0

[Event "GER-ch U12 Girls"]
[Site "Willingen"]
[Date "2023.05.28"]
[Round "1"]
[White "Boerner, Emma Charlotte"]
[Black "Margaryan, Mane"]
[Result "0-1"]
[WhiteElo "990"]
[BlackElo "1403"]
[PlyCount "106"]
[EventDate "2023.05.27"]
[EventType "swiss"]
[EventRounds "9"]
[EventCountry "GER"]
[SourceTitle "CBM 214 Extra"]
[Source "ChessBase"]
[SourceDate "2023.07.31"]
[SourceVersion "1"]
[SourceVersionDate "2023.07.31"]
[SourceQuality "1"]

1. e4 c5 2. Nc3 e6 3. Bc4 a6 4. a3 Qc7 5. d3 Nf6 6. f4 d6 7. Nf3 Be7 8. 0-0 0-0 9. h3 b5 10. Ba2 Bb7 11. g4 Qb6 12. Be3 d5 13. exd5 exd5 14. d4 Rd8 15. Re1 c4 16. Bf2 Bd6 17. Ne5 Nc6 18. g5 Nd7 19. Nxd5 Qa7 20. b3 Ndxe5 21. dxe5 Bc5 22. Re2 Nd4 23. bxc4 Nxe2+ 24. Qxe2 bxc4 25. Nb4 a5 26. h4 axb4 27. axb4 Bxf2+ 28. Qxf2 Qxf2+ 29. Kxf2 Rd2+ 30. Ke3 Rxc2 31. Rd1 Rcxa2 32. Rc1 c3 33. Kd4 c2 34. f5 Re8 35. f6 gxf6 36. exf6 Rc8 37. Kd3 Rb2 38. Kd2 Rxb4 39. Kd3 Rb1 40. Rxc2 Rxc2 41. Kxc2 Rh1 42. Kb3 Rxh4 43. Kc3 Rg4 44. Kd3 Rxg5 45. Kd4 h5 46. Ke3 Rg4 47. Kf2 h4 48. Kf1 h3 49. Kf2 h2 50. Ke3 h1Q 51. Kd3 Qf3+ 52. Kd2 Rg2+ 53. Ke1 Qe2# 0-1

[Event "GER-ch U10 Girls"]
[Site "Willingen"]
[Date "2022.06.10"]
[Round "9"]
[White "Stiehler, Mara"]
[Black "Margaryan, Mane"]
[Result "1-0"]
[WhiteElo "1200"]
[BlackElo "1107"]
[PlyCount "45"]
[EventDate "2022.06.04"]
[EventType "swiss"]
[EventRounds "11"]
[EventCountry "GER"]
[SourceTitle "CBM 208 Extra"]
[Source "ChessBase"]
[SourceDate "2022.07.31"]
[SourceVersion "1"]
[SourceVersionDate "2022.07.31"]
[SourceQuality "1"]

1. e4 c5 2. Nc3 e6 3. Nge2 d5 4. exd5 exd5 5. d4 Nf6 6. Be3 c4 7. Qd2 Be7 8. 0-0-0 0-0 9. f3 a6 10. g4 b5 11. Ng3 Bb7 12. h4 b4 13. Nb1 Nc6 14. c3 a5 15. g5 Nd7 16. h5 Qc7 17. Nf5 Rfe8 18. g6 h6 19. gxf7+ Kxf7 20. Qg2 Bf6 21. Qg6+ Kf8 22. Nxh6 Rxe3 23. Qf7# 1-0

[Event "GER-ch U10 Girls"]
[Site "Willingen"]
[Date "2022.06.08"]
[Round "6"]
[White "Margaryan, Mane"]
[Black "Stiehler, Ellen"]
[Result "1-0"]
[WhiteElo "1107"]
[BlackElo "918"]
[PlyCount "61"]
[EventDate "2022.06.04"]
[EventType "swiss"]
[EventRounds "11"]
[EventCountry "GER"]
[SourceTitle "CBM 208 Extra"]
[Source "ChessBase"]
[SourceDate "2022.07.31"]
[SourceVersion "1"]
[SourceVersionDate "2022.07.31"]
[SourceQuality "1"]

1. d4 Nf6 2. c4 e5 3. dxe5 Ng4 4. Nf3 Bc5 5. e3 Nc6 6. Bd3 Ncxe5 7. Nxe5 Nxe5 8. 0-0 0-0 9. Nc3 a5 10. b3 Re8 11. Bb2 Ra6 12. Bc2 Rh6 13. h3 Qh4 14. Ne4 Bf8 15. Rc1 d6 16. Re1 Bxh3 17. gxh3 Qxh3 18. Ng3 Ree6 19. Bf5 Ref6 20. Bxh3 Nf3+ 21. Kf1 Nxe1 22. Bxf6 Rxf6 23. Qxe1 b6 24. Qc3 Rh6 25. Bf5 g6 26. Bb1 Bg7 27. Qd3 Bb2 28. Rd1 Rh4 29. Qd5 Bg7 30. Qb7 Be5 31. Qxc7 1-0

[Event "GER-ch U10 Girls"]
[Site "Willingen"]
[Date "2022.06.08"]
[Round "7"]
[White "Schirmbeck, Lilian"]
[Black "Margaryan, Mane"]
[Result "0-1"]
[WhiteElo "980"]
[BlackElo "1107"]
[PlyCount "94"]
[EventDate "2022.06.04"]
[EventType "swiss"]
[EventRounds "11"]
[EventCountry "GER"]
[SourceTitle "CBM 208 Extra"]
[Source "ChessBase"]
[SourceDate "2022.07.31"]
[SourceVersion "1"]
[SourceVersionDate "2022.07.31"]
[SourceQuality "1"]

1. e4 c5 2. d4 cxd4 3. c3 dxc3 4. Nxc3 e5 5. Nf3 Nc6 6. Bc4 h6 7. 0-0 Nf6 8. Qe2 Bc5 9. Rd1 0-0 10. a3 a5 11. Na4 Be7 12. Be3 Qe8 13. Nb6 Rb8 14. Rac1 Nxe4 15. Bxh6 Nxf2 16. Qxf2 gxh6 17. Qg3+ Kh8 18. Nxc8 Rxc8 19. Nxe5 Bc5+ 20. Kh1 Qxe5 21. Qh4 Qg5 22. Qxg5 hxg5 23. Rd5 Be3 24. Re1 Rfe8 25. Rd3 Bb6 26. Rh3+ Kg8 27. Rf1 Ne5 28. Bb5 Rcd8 29. Rf5 Kg7 30. Rxg5+ Kf6 31. Rgg3 Ng6 32. Rf3+ Kg7 33. Rhg3 Re5 34. Bc4 d5 35. Bd3 Rc8 36. h4 Re1+ 37. Kh2 Bc7 38. h5 Bxg3+ 39. Rxg3 Rcc1 40. Rg4 Rh1+ 41. Kg3 Rxh5 42. Be2 f5 43. Rd4 Rg5+ 44. Kf3 Rg1 45. Rxd5 R1xg2 46. Rd7+ Kh6 47. Rxb7 R5g3# 0-1

[Event "GER-ch U10 Girls"]
[Site "Willingen"]
[Date "2021.08.28"]
[Round "9"]
[White "Margaryan, Mane"]
[Black "Marrufo, Leandra"]
[Result "1-0"]
[WhiteElo "893"]
[BlackElo "755"]
[PlyCount "79"]
[EventDate "2021.08.22"]
[EventType "swiss"]
[EventRounds "11"]
[EventCountry "GER"]
[SourceTitle "EXT 2022"]
[Source "ChessBase"]
[SourceDate "2021.10.06"]
[SourceVersion "1"]
[SourceVersionDate "2021.10.06"]
[SourceQuality "1"]

1. d4 d5 2. c4 c6 3. Nc3 Nf6 4. Bg5 e6 5. e3 Be7 6. Bd3 h6 7. Bh4 0-0 8. Nf3 Bb4 9. Rc1 b6 10. 0-0 Ba6 11. b3 Nbd7 12. Re1 Qe8 13. h3 Ne4 14. Bxe4 dxe4 15. Nd2 f6 16. Ndxe4 f5 17. Nd2 c5 18. d5 e5 19. d6 f4 20. exf4 exf4 21. Rxe8 Raxe8 22. Nd5 Rc8 23. Ne7+ Kh8 24. Nxc8 Bxc8 25. Ne4 Re8 26. Nc3 Re6 27. Nb5 Rg6 28. Nxa7 Bb7 29. f3 Ne5 30. Kh2 Ba3 31. Rc2 Nxf3+ 32. Kh1 Nxh4 33. d7 Bxg2+ 34. Rxg2 Rxg2 35. d8Q+ Kh7 36. Q1d3+ Rg6 37. Qxh4 f3 38. Qhe4 f2 39. Qxg6+ Kg8 40. Qd8# 1-0

[Event "GER-ch U10 Girls"]
[Site "Willingen"]
[Date "2021.08.23"]
[Round "2"]
[White "Roessler, Helena"]
[Black "Margaryan, Mane"]
[Result "0-1"]
[WhiteElo "1123"]
[BlackElo "893"]
[PlyCount "188"]
[EventDate "2021.08.22"]
[EventType "swiss"]
[EventRounds "11"]
[EventCountry "GER"]
[SourceTitle "EXT 2022"]
[Source "ChessBase"]
[SourceDate "2021.10.06"]
[SourceVersion "1"]
[SourceVersionDate "2021.10.06"]
[SourceQuality "1"]

1. e4 d5 2. exd5 Qxd5 3. Nc3 Qa5 4. d4 Nf6 5. Nf3 Bg4 6. Be2 e6 7. Bf4 c6 8. Ne5 Bxe2 9. Qxe2 Bb4 10. Bd2 Nd5 11. Nxd5 Bxd2+ 12. Qxd2 Qxd5 13. 0-0 0-0 14. Qd3 Nd7 15. Rfe1 Rad8 16. Rad1 Qxa2 17. Qc3 Qa6 18. Re3 Qb6 19. Nxd7 Rxd7 20. Rg3 e5 21. Qf3 Rxd4 22. h3 Rxd1+ 23. Qxd1 Qxb2 24. Rb3 Qd4 25. Qxd4 exd4 26. Rxb7 Ra8 27. Rd7 c5 28. Rc7 a5 29. Rxc5 a4 30. Re5 a3 31. Re1 Kf8 32. Kh2 Re8 33. Ra1 Ra8 34. Kg3 Ke7 35. Kf4 Kd6 36. Ke4 Kc5 37. Kd3 a2 38. c3 dxc3 39. Kxc3 Ra3+ 40. Kb2 Ra4 41. Rc1+ Rc4 42. Ra1 Ra4 43. Kb3 Kb5 44. f3 f5 45. g3 Ra7 46. f4 Rd7 47. Kxa2 Rd3 48. Rg1 Ka4 49. Rg2 g6 50. Kb2 Rb3+ 51. Kc2 Ra3 52. Kb2 Rb3+ 53. Kc2 Ka3 54. Kc1 Rc3+ 55. Kd2 Kb3 56. Ke2 Rc2+ 57. Kf3 Rxg2 58. Kxg2 Kc4 59. Kf3 Kd5 60. g4 fxg4+ 61. hxg4 Ke6 62. Ke4 h6 63. g5 h5 64. Kf3 Kf5 65. Ke3 Kg4 66. f5 Kxf5 67. Kf3 Kxg5 68. Kg3 h4+ 69. Kh3 Kf4 70. Kxh4 g5+ 71. Kh3 Kf3 72. Kh2 g4 73. Kg1 Kg3 74. Kf1 Kh2 75. Kf2 g3+ 76. Kf1 g2+ 77. Kf2 g1Q+ 78. Kf3 Kh3 79. Kf4 Kh4 80. Kf5 Kh5 81. Kf6 Kh6 82. Kf7 Kh7 83. Kf6 Qg6+ 84. Ke5 Qf7 85. Kd6 Qe8 86. Kc7 Kg7 87. Kd6 Kf7 88. Kc7 Qe6 89. Kd8 Qe7+ 90. Kc8 Ke8 91. Kb8 Kd8 92. Ka8 Qb4 93. Ka7 Kc7 94. Ka8 Qb7# 0-1